|
|
|
|
| LEADER |
00000cam a2200000 7i4500 |
| 001 |
0000278387 |
| 005 |
20200910162106.0 |
| 020 |
|
|
|a 9789672260103
|
| 090 |
0 |
0 |
|a JF
|b MIL
|
| 100 |
1 |
|
|a Miller, Shannon McClintock
|
| 245 |
1 |
2 |
|a A coding mission
|c writtean by Shannon McClintock Miller and Blake Hoena ; illustrated by Alan Brown
|
| 260 |
|
|
|a Subang Jaya :
|b Bright Publications Sdn Bhd ,
|c 2020
|
| 300 |
|
|
|a 32p. :
|b ill. ;
|c 23cm.
|
| 650 |
|
0 |
|a Comic books and teenagers
|
| 650 |
|
0 |
|a Comic books, strips, etc
|
| 700 |
1 |
|
|a Brown, Alan
|
| 700 |
1 |
|
|a Hoena, Blake
|
| 999 |
|
|
|a 00384821
|b BUKU
|c PINJAMAN
|e PERPUSTAKAAN KOMUNITI PETALING JAYA
|